00957nam a2200217 i 4500001000700000003000900007005001700016007000300033008004100036245008700077260003700164300002200201505020400223700004600427700003000473700002400503700005300527852002100580999001900601952011900620128986ES-MaACL20251123112510.0t|070601s1929 sp ||||1| spa d00aTeatro revolucionario ruso / cprólogo y traducción por Cristóbal de Castro. aMadrid : b[Juan Pueyo], c1929. a264 p. ; c20 cm.8 aContiene: Fuera de la ley. Farsa trágica en cuatro actos por Leon Lunst.-- La moneda falsa. Tragedia grotesca en tres actos por Máximo Gorki.-- El que recibe las bofetadas / por Leonidas Andreief1 aCastro, Cristóbal de,d1874-19539368431 aGor'kiï, Maksim.9591281 aLunst, Leon.9747951 aAndreev, Leonid Nikolaevich, d1871-19199242530 aES-MaACLjB-3040 c128986d128986 00104070aATENEOMbATENEOMcSPBd2008-01-17eSCl0oB-3040p1134327r2023-02-23 00:00:00w2023-02-23yMONOGRAFIA